गीत-स्वरूप: (Record no. 47939)

MARC details
000 -LEADER
fixed length control field 01315nam a22002897a 4500
005 - DATE AND TIME OF LATEST TRANSACTION
control field 20100928154840.0
008 - FIXED-LENGTH DATA ELEMENTS--GENERAL INFORMATION
fixed length control field 100915t xxu||||| |||| 00| 0 hin d
010 ## - LCCN (DPL NO)
LC control number HIN-90644
020 ## - INTERNATIONAL STANDARD BOOK NUMBER
Terms of availability 100.00
035 ## - SYSTEM CONTROL NUMBER
System control number HN-62990
037 ## - SOURCE OF ACQUISITION
Source of stock number/acquisition DBAD / PUB
040 ## - CATALOGING SOURCE
Original cataloging agency DPL
Language of cataloging HN
082 ## - DEWEY DECIMAL CLASSIFICATION NUMBER
Classification number 821
100 ## - MAIN ENTRY--PERSONAL NAME
9 (RLIN) 20178
Personal name शर्मा, कृष्ण स्वरूप 'स्वरूप'
245 ## - TITLE STATEMENT
Title गीत-स्वरूप:
Statement of responsibility, etc कृष्ण स्वरूप शर्मा 'स्वरूप'
Remainder of title गीत संग्रह /
246 ## - VARYING FORM OF TITLE
Title proper/short title Geet sangrah
Remainder of title by Krishna Swaroop Sharma 'Swaroop'
260 ## - PUBLICATION, DISTRIBUTION, ETC. (IMPRINT)
Place of publication, distribution, etc नर्मदापुरम (म.प्र.)
Name of publisher, distributor, etc शिव संकल्प साहित्य परिषद
Date of publication, distribution, etc 2010
270 ## - ADDRESS
Address शिवाजी नगर उपनिवेशिका
City नर्मदापुरम (म.प्र.)
Postal code 461001
300 ## - PHYSICAL DESCRIPTION
Extent 80पृ.
Dimensions 22सेमी (अजिल्द)
650 ## - SUBJECT ADDED ENTRY--TOPICAL TERM
9 (RLIN) 1159
Topical term or geographic name as entry element हिन्दी कविता
650 ## - SUBJECT ADDED ENTRY--TOPICAL TERM
Topical term or geographic name as entry element Hindi Poetry
9 (RLIN) 22205
700 ## - ADDED ENTRY--PERSONAL NAME
9 (RLIN) 20179
700 ## - ADDED ENTRY--PERSONAL NAME
9 (RLIN) 20333
700 ## - ADDED ENTRY--PERSONAL NAME
9 (RLIN) 20540
942 ## - ADDED ENTRY ELEMENTS (KOHA)
Source of classification or shelving scheme Dewey Decimal Classification
Item type Hindi Books
Call number suffix शर्माकृ
Classification part 821
Holdings
Withdrawn status Lost status Source of classification or shelving scheme Damaged status Not for loan Collection code Home library Current library Date acquired Source of acquisition Cost, normal purchase price Total Checkouts Full call number Barcode Date last seen Copy number Cost, replacement price Koha item type
    Dewey Decimal Classification   Not For Loan Non-fiction D.B.Act.Division D.B.Act.Division 28/09/2010 DBAD / PUB 100.00   821 शर्माकृ HN-62990 28/09/2010 1 100.00 Hindi Books

© Delhi Public Library
Hit Counter
free hit counter